Sports Quiz

Random Sports or MLB Quiz

Almost MVPs (MLB) Quiz Stats

 Plays Quiz Updated Nov 14, 2019

Score 0/118 Timer 15:00
2 Plays Today
Year (Team) Player % Correct
2017 AL (NYY)Aaron Judge
81.3%
2019 AL (HOU)Alex Bregman
80%
2013 NL (ARI)Paul Goldschmidt
75.4%
2015 NL (ARI)Paul Goldschmidt
75.4%
2006 AL (NYY)Derek Jeter
74.6%
2005 AL (BOS)David Ortiz
70.1%
2018 NL (CHC)Javier Baez
68.8%
2005 NL (ATL)Andruw Jones
67.6%
2014 AL (DET)Victor Martinez
67.5%
1999 AL (BOS)Pedro Martinez
67.4%
1997 AL (NYY)Tino Martinez
67.4%
2009 NL (FLA)Hanley Ramirez
64.7%
1994 NL (SF)Matt Williams
62.6%
1970 NL (CHC)Billy Williams
62.5%
1972 NL (CHC)Billy Williams
62.5%
1998 NL (STL)Mark McGwire
61.1%
1987 NL (STL)Ozzie Smith
55.3%
1982 NL (STL)Lonnie Smith
55.3%
1992 AL (MIN)Kirby Puckett
54.7%
2011 NL (LAD)Matt Kemp
54.3%
1913 AL (CLE)Joe Jackson
53.3%
1980 NL (MON)Gary Carter
52.2%
1990 AL (DET)Cecil Fielder
50.9%
1991 AL (DET)Cecil Fielder
50.9%
1995 AL (CLE)Albert Belle
49.7%
1988 NL (NYM)Darryl Strawberry
47.2%
1946 NL (BRO)Dixie Walker
45.7%
2003 AL (TOR)Carlos Delgado
45.1%
1998 AL (BOS)Nomar Garciaparra
44.8%
1995 NL (COL)Dante Bichette
44.6%
1989 NL (SF)Will Clark
44.1%
1990 NL (PIT)Bobby Bonilla
43.1%
1996 NL (LAD)Mike Piazza
43%
1997 NL (LAD)Mike Piazza
43%
1982 AL (BAL)Eddie Murray
42.5%
1983 AL (BAL)Eddie Murray
42.5%
2009 AL (NYY)Mark Teixeira
41.8%
1987 AL (DET)Alan Trammell
41.8%
2007 AL (DET)Magglio Ordonez
37.8%
2007 NL (COL)Matt Holliday
36.9%
Year (Team) Player % Correct
2016 NL (WSH)Daniel Murphy
35.7%
2004 NL (LAD)Adrian Beltre
35.4%
1955 AL (DET)Al Kaline
35.4%
1963 AL (DET)Al Kaline
35.4%
1993 NL (PHI)Lenny Dykstra
34.5%
1973 AL (BAL)Jim Palmer
34.2%
1993 AL (TOR)Paul Molitor
33%
2011 AL (BOS)Jacoby Ellsbury
32.9%
2004 AL (NYY)Gary Sheffield
32.7%
1969 NL (NYM)Tom Seaver
31.5%
1986 NL (HOU)Glenn Davis
31.4%
1984 AL (MIN)Kent Hrbek
30.4%
1953 NL (MLB)Eddie Mathews
28%
1959 NL (MLB)Eddie Mathews
28%
1955 NL (BRO)Duke Snider
27.9%
1988 AL (BOS)Mike Greenwell
25.2%
1974 NL (STL)Lou Brock
25%
1912 NL (PIT)Honus Wagner
24.8%
1978 AL (NYY)Ron Guidry
24.1%
1975 NL (PHI)Greg Luzinski
21.5%
1977 NL (PHI)Greg Luzinski
21.5%
1989 AL (TEX)Ruben Sierra
21.3%
1965 AL (MIN)Tony Oliva
20.7%
1970 AL (MIN)Tony Oliva
20.7%
1925 AL (PHA)Al Simmons
19.3%
1971 AL (OAK)Sal Bando
18.7%
1952 NL (PHI)Robin Roberts
17.6%
1954 NL (CIN)Ted Kluszewski
16.9%
1940 AL (CLE)Bob Feller
16.8%
1972 AL (OAK)Joe Rudi
16.7%
1974 AL (OAK)Joe Rudi
16.7%
1944 AL (DET)Dizzy Trout
16.4%
1959 AL (CHW)Luis Aparicio
15.7%
1939 NL (STL)Johnny Mize
14.7%
1940 NL (STL)Johnny Mize
14.7%
1979 AL (BAL)Ken Singleton
14.1%
1936 AL (CHW)Luke Appling
13.6%
1943 AL (CHW)Luke Appling
13.6%
1975 AL (KC)John Mayberry
13.5%
1938 NL (CHC)Bill Lee
13.1%
Year (Team) Player % Correct
1914 AL (DET)Sam Crawford
12.5%
1911 NL (NYG)Christy Mathewson
12%
1942 NL (STL)Enos Slaughter
11.8%
1954 AL (CLE)Larry Doby
11.6%
1943 NL (STL)Walker Cooper
10.6%
1938 AL (NYY)Bill Dickey
10.6%
1968 AL (DET)Bill Freehan
10.3%
1967 NL (STL)Tim McCarver
10%
1962 AL (NYY)Bobby Richardson
9.8%
1927 AL (DET)Harry Heilmann
9.5%
1933 AL (WSH)Joe Cronin
7.7%
1952 AL (NYY)Allie Reynolds
7.6%
1964 NL (PHI)Johnny Callison
7.2%
1977 AL (KC)Al Cowens
6.3%
1911 AL (CHW)Ed Walsh
6.1%
1912 AL (CHW)Ed Walsh
6.1%
1925 NL (PIT)Kiki Cuyler
5.7%
1929 NL (PHI)Lefty O'Doul
4.8%
1928 AL (SLB)Heinie Manush
4.6%
1958 AL (NYY)Bob Turley
4.5%
1948 NL (BSN)Johnny Sain
4.3%
1914 NL (BSN)Rabbit Maranville
4.1%
1941 NL (BRO)Pete Reiser
3.6%
1960 NL (PIT)Don Hoak
3.4%
1945 NL (BSN)Tommy Holmes
3.3%
1944 NL (CHC)Bill Nicholson
3.2%
1913 NL (PHI)Gavvy Cravath
3.2%
1935 AL (BOS)Wes Ferrell
3%
1956 NL (BRO)Sal Maglie
2.7%
1928 NL (NYG)Freddie Lindstrom
2.7%
1950 AL (BOS)Billy Goodman
2.3%
1951 AL (SLB)Ned Garver
1.7%
1947 NL (CIN)Ewell Blackwell
1.6%
1932 NL (CHC)Lon Warneke
1.1%
1922 AL (PHA)Eddie Rommel
1%
1926 AL (CHW)Johnny Mostil
0.8%
1945 AL (DET)Eddie Mayo
0.6%
1926 NL (CIN)Hughie Critz
0.5%

You're not logged in!

Compare scores with friends on all Sporcle quizzes.
OR
Log In

Sporcle TV

Today on Sporcle TV


Watch our educational content, quiz creation guides, and fun videos on Sporcle TV.

Show Comments

Extras

Top Quizzes Today


Score Distribution

Your Account Isn't Verified!

In order to create a playlist on Sporcle, you need to verify the email address you used during registration. Go to your Sporcle Settings to finish the process.

Report this User

Report this user for behavior that violates our Community Guidelines.

Details: